000 00751cam a22002773a 4500
001 114
003 PGUSA
005 20140828082944.0
008 940301s1994||||xxu|||||s|||||000 1 eng d
040 _aPGUSA
_beng
042 _adc
050 4 _aPZ
050 4 _aPR
050 4 _aNC
100 1 _aTenniel, John,
_d1820-1914
245 1 4 _aThe Tenniel Illustrations for Carroll's Alice in Wonderland
_h[electronic resource] /
_cJohn Tenniel
260 _bProject Gutenberg,
_c1994
500 _aGIF files
506 _aPublic domain in the USA.
516 _aElectronic text
653 _aFantasy fiction
653 _aChildren's stories
830 0 _aProject Gutenberg
_v114
856 4 0 _uhttp://www.gutenberg.org/ebooks/114
942 _cEB
999 _c229485
_d229485